00421nam a2200157Ia 4500008004100000020001300041040001900054041001200073082002100085100001900106245005400125260002500179300003100204650001400235850001400249131103s9999 xx 000 0 und d a60038898 aLoreto College aEnglish aREFbLCBED/10296 aMiles, Bernard aWell- loved tales from ShakespearecBernard Miles aLondonbHamlync1986 a125p.b ill., pic.c 24cm. aRefarence aLCBED/REF